| 000 -LEADER |
| fixed length control field |
00518nam a22001697a 4500 |
| 008 - FIXED-LENGTH DATA ELEMENTS--GENERAL INFORMATION |
| fixed length control field |
220826b ||||| |||| 00| 0 eng d |
| 020 ## - INTERNATIONAL STANDARD BOOK NUMBER |
| International Standard Book Number |
9280114395 |
| 082 ## - DEWEY DECIMAL CLASSIFICATION NUMBER |
| Classification number |
343.093 |
| Item number |
IMO |
| 100 ## - MAIN ENTRY--PERSONAL NAME |
| Personal name |
International Maritime Organization |
| 245 ## - TITLE STATEMENT |
| Title |
Guidelines for the provisional assessment of liquids transported in bulk |
| 260 ## - PUBLICATION, DISTRIBUTION, ETC. (IMPRINT) |
| Place of publication, distribution, etc |
London |
| Name of publisher, distributor, etc |
International Maritime Organization |
| Date of publication, distribution, etc |
1997 |
| 300 ## - PHYSICAL DESCRIPTION |
| Extent |
v,41p. |
| 650 ## - SUBJECT ADDED ENTRY--TOPICAL TERM |
| Topical term or geographic name as entry element |
Ships--Cargo |
| 650 ## - SUBJECT ADDED ENTRY--TOPICAL TERM |
| Topical term or geographic name as entry element |
Safety regulations |
| 650 ## - SUBJECT ADDED ENTRY--TOPICAL TERM |
| Topical term or geographic name as entry element |
Bulk carrier cargo ships |
| 942 ## - ADDED ENTRY ELEMENTS (KOHA) |
| Item type |
Books |